000 00447nam a2200157Ia 4500
999 _c1335
_d1335
003 OSt
005 20211102103653.0
008 190216s9999||||xx |||||||||||||| ||und||
040 _coclc
082 _a587
_bRAS/I
100 _aRashid, A
_98881
245 3 _aAn Introduction To Pteridophyta /
_cA Rashid
260 _bVikas Publishing House,
_c1976.
_aNew Delhi:
300 _a283p
942 _cBK
_2ddc
_h587
_iRAS/I
_k587
_mRAS/I